000 00685nam a2200229 i 4500
001 000032452
003 DO-SdBNP
005 20240109120955.0
007 ta
008 110718s1929 dr 000 0 spa d
040 _aDO-SdBNP
_bspa
_cBNPHU
_erda
049 _aBNPD
082 4 _bM516h
_222
100 _aMejía, Abigail,
_d1895-1941
_927237
245 1 0 _aHistoria de la literatura dominicana. /
_cAbigail Mejía.
264 _aCiudad Trujillo], República Dominicana :
_beditor no identificado,
_c1929.
300 _a136 páginas ;
_c22 cm.
336 _2rdaconent
_atexto
_btxt
337 _2rdamedia
_asin mediación
_bn
338 _2rdacarrier
_avolumen
_bnc
942 _2ddc
_cLBS1
999 _c31943
_d31943